Normal view
MARC view
Entry Topical Term
001 - CONTROL NUMBER
- control field: 36183
003 - CONTROL NUMBER IDENTIFIER
- control field: OSt
005 - DATE AND TIME OF LATEST TRANSACTION
- control field: 20230301123541.0
008 - FIXED-LENGTH DATA ELEMENTS
- fixed length control field: 230301|| aca||aabn | a|a d
040 ## - CATALOGING SOURCE
- Original cataloging agency: OSt
- Transcribing agency: OSt
150 ## - HEADING--TOPICAL TERM
- Topical term or geographic name entry element: Africa, Asia, Global South, Higher education, Planning education, Urban equality, Urban planning
670 ## - SOURCE DATA FOUND
- Source citation: Work cat.: (OSt): Sami, Neha, et al 36182, Rethinking planning education for urban equality: Higher education as a site for change
